| 000 | 00522nam a22001697a 4500 | ||
|---|---|---|---|
| 003 | BD-DhUL | ||
| 005 | 20160831144515.0 | ||
| 008 | 160831s1955 bg ||||| |||| 00| 0 ben | ||
| 040 |
_aBD-DhUL _cBD-DhUL |
||
| 082 |
_a928 _bMAP |
||
| 100 | 1 | _aআলম, মাহবুব-উল | |
| 245 |
_aপল্টন জীবনের স্মৃতি / _cমাহবুব-উল আলম |
||
| 300 |
_a১৮০ পৃ. ; _c১৫ সেমি. |
||
| 650 | 0 | _aজীবনী | |
| 650 | 0 | _aBiography | |
| 942 |
_2ddc _cBK |
||
| 999 |
_c103414 _d103414 |
||